| 000 | 00800nam a2200181 a 4500 | ||
|---|---|---|---|
| 008 | 060630s2005 ||||||||||||||||| || u | ||
| 050 | _aIBRD(08) | ||
| 100 | _aHerzberg, Benjamin | ||
| 245 | 1 | 0 | _aCompetitiveness partnerships: building and maintaining public-private dialogue to improve the investment climate:a resource drawn from the review of 40 countries'experiences |
| 260 |
_aWashington, D. C. _bWorld Bank _c2005 |
||
| 300 | _a55p.: ill. | ||
| 350 | _a0.00 | ||
| 490 | _aWorld Bank policy research working papers | ||
| 650 | 0 | _aECONOMICS | |
| 650 | _aCOMPETITIVENESS PARTNERSHIPS | ||
| 700 | _aWright, Andrew | ||
| 995 |
_D0.00 _FCBU-MAIN LIBRARY (Kitwe) _H1 _I0.00 _M1 _UAVAILABLE _WJun 30, 2006 _ZInternational Publications |
||
| 999 |
_c38115 _d38115 |
||